000 00670nam a2200229 a 4500
001 58443
003 BD-RjUL
005 20211209080623.0
008 161218s1975 ilua b 001 0 eng
020 _a003089204X
035 _a(BD-RjUL)58567
040 _aDLC
_cDLC
_dDLC
_beng
041 _aeng
082 0 0 _a339
_223
_bNII 1975
100 1 _aNicholson, Walter.
_9173566
245 1 0 _aIntermediate microeconomics and its application /
_cWalter Nicholson.
260 _aHinsdale, Ill. :
_bDryden Press,
_cc1975.
300 _axvii, 576 p. :
_bill. ;
_c25 cm.
504 _aIncludes bibliographies and indexes.
650 0 _aMicroeconomics.
_9172724
942 _2ddc
_cBK
999 _c58443
_d58443